[Event "SRB-chT 2nd League West"]
[Site "Kragujevac"]
[Date "2019.10.06"]
[Round "11.8"]
[White "Sujdovic, Ivan"]
[Black "Gavrilovic, Vladan"]
[Result "0-1"]
[WhiteElo "1802"]
[BlackElo "2166"]
[PlyCount "77"]
[EventDate "2019.09.06"]
[EventType "team-tourn"]
[EventRounds "11"]
[EventCountry "SRB"]
[SourceTitle "EXT 2020"]
[Source "ChessBase"]
[SourceDate "2019.10.17"]
[SourceVersion "1"]
[SourceVersionDate "2019.10.17"]
[SourceQuality "1"]
[WhiteTeam "Krupanj"]
[BlackTeam "Ivanjica"]
[WhiteTeamCountry "SRB"]
[BlackTeamCountry "SRB"]

1. d4 Nf6 2. Nf3 d5 3. Bf4 c6 4. e3 Bf5 5. Bd3 Bxd3 6. cxd3 e6 7. Nbd2 Be7 8. 0-0 0-0 9. Ne5 Nbd7 10. Bg5 h6 11. Bh4 c5 12. Bxf6 Nxf6 13. dxc5 Bxc5 14. d4 Bb4 15. a3 Bd6 16. Nd3 Rc8 17. Rc1 Rxc1 18. Nxc1 Qc7 19. h3 Rc8 20. Nd3 Ne4 21. Nf3 Qc4 22. Qc1 f6 23. Qxc4 dxc4 24. Rc1 Rc7 25. Nde1 b5 26. Kf1 a5 27. Rc2 c3 28. Nd3 cxb2 29. Rxb2 Nc3 30. Rb3 a4 31. Rb2 Bxa3 32. Rc2 Bd6 33. Rc1 b4 34. Nd2 e5 35. Ra1 Kf7 36. Nb1 Nxb1 37. Rxb1 b3 38. Ke1 a3 39. Rxb3 0-1

[Event "SRB-chT 2nd League West"]
[Site "Kragujevac"]
[Date "2019.10.04"]
[Round "7.7"]
[White "Gavrilovic, Vladan"]
[Black "Rasic, Milovan"]
[Result "1-0"]
[WhiteElo "2166"]
[BlackElo "1571"]
[PlyCount "125"]
[EventDate "2019.09.06"]
[EventType "team-tourn"]
[EventRounds "11"]
[EventCountry "SRB"]
[SourceTitle "EXT 2020"]
[Source "ChessBase"]
[SourceDate "2019.10.17"]
[SourceVersion "1"]
[SourceVersionDate "2019.10.17"]
[SourceQuality "1"]
[WhiteTeam "Ivanjica"]
[BlackTeam "Razanj"]
[WhiteTeamCountry "SRB"]
[BlackTeamCountry "SRB"]

1. d4 d5 2. c4 c6 3. Nf3 Nf6 4. Bf4 Bf5 5. e3 e6 6. Be2 Qb6 7. Qc1 Bb4+ 8. Nbd2 Ne4 9. 0-0 Nxd2 10. Nxd2 Bxd2 11. Qxd2 0-0 12. Bd6 Re8 13. Rac1 Nd7 14. h3 Nf6 15. f3 Qd8 16. Bh2 Rc8 17. c5 h6 18. b4 Nd7 19. a4 e5 20. b5 Qe7 21. Kf2 f6 22. Rfe1 Qd8 23. g4 Bh7 24. Kg2 g5 25. f4 Qe7 26. f5 Kg7 27. Kf2 Bg8 28. Bf3 Qd8 29. Be2 Bf7 30. a5 cxb5 31. Bxb5 a6 32. Ba4 Re7 33. c6 bxc6 34. Bxc6 Nb8 35. Ba4 Be8 36. Rxc8 Qxc8 37. dxe5 fxe5 38. Bxe8 Qxe8 39. Qxd5 Nd7 40. Qc6 Nf6 41. Qxa6 Qa4 42. Kg1 Qb4 43. Re2 Qb1+ 44. Kf2 Ne4+ 45. Kg2 Nf6 46. Qc6 Qd3 47. Qc2 Qd5+ 48. e4 Qxa5 49. Kf3 Rc7 50. Qb2 Rc3+ 51. Kg2 Nd7 52. Rd2 Rc7 53. Rd5 Qa4 54. Bxe5+ Kf7 55. Kf3 Nxe5+ 56. Qxe5 Qb3+ 57. Ke2 Rc2+ 58. Rd2 Qc4+ 59. Ke3 Rc3+ 60. Kf2 Qc5+ 61. Qxc5 Rxc5 62. Ke3 Rc3+ 63. Rd3 1-0

[Event "SRB-chT2 West"]
[Site "Arandjelovac"]
[Date "2018.10.06"]
[Round "10.6"]
[White "Gavrilovic, Vladan"]
[Black "Isailovic, Goran"]
[Result "0-1"]
[WhiteElo "2174"]
[BlackElo "2189"]
[PlyCount "68"]
[EventDate "2018.09.07"]
[EventType "team-tourn"]
[EventRounds "11"]
[EventCountry "SRB"]
[SourceTitle "EXT 2021"]
[Source "ChessBase"]
[SourceDate "2020.10.23"]
[SourceVersion "1"]
[SourceVersionDate "2020.10.23"]
[SourceQuality "1"]
[WhiteTeam "Ivanjica"]
[BlackTeam "Krupanj"]
[WhiteTeamCountry "SRB"]
[BlackTeamCountry "SRB"]

1. d4 Nf6 2. c4 c5 3. e3 cxd4 4. exd4 d5 5. Nf3 e6 6. Nc3 Be7 7. Bf4 0-0 8. c5 Nc6 9. a3 Ne4 10. Qc1 Bf6 11. Be3 Nxc5 12. dxc5 d4 13. Bd2 dxc3 14. Bxc3 e5 15. Bc4 e4 16. Nd2 e3 17. fxe3 Bg5 18. Ne4 Bh6 19. 0-0 Qe7 20. Qc2 Ne5 21. Bxe5 Qxe5 22. Rae1 Be6 23. Bxe6 fxe6 24. Rf3 Rf5 25. b4 Raf8 26. Rxf5 Qxf5 27. h3 a6 28. Qc4 Qe5 29. Kh1 g6 30. a4 Rf7 31. Qd4 Qf5 32. Rd1 Bg7 33. Qd3 Be5 34. Nd6 Qxd3 0-1

[Event "SRB-chT2 West"]
[Site "Arandjelovac"]
[Date "2018.10.05"]
[Round "8.2"]
[White "Cirakovic, Ivan"]
[Black "Gavrilovic, Vladan"]
[Result "0-1"]
[WhiteElo "2157"]
[BlackElo "2174"]
[PlyCount "75"]
[EventDate "2018.09.07"]
[EventType "team-tourn"]
[EventRounds "11"]
[EventCountry "SRB"]
[SourceTitle "EXT 2021"]
[Source "ChessBase"]
[SourceDate "2020.10.23"]
[SourceVersion "1"]
[SourceVersionDate "2020.10.23"]
[SourceQuality "1"]
[WhiteTeam "Arandjelovac"]
[BlackTeam "Ivanjica"]
[WhiteTeamCountry "SRB"]
[BlackTeamCountry "SRB"]

1. e4 d5 2. exd5 Qxd5 3. Nf3 c6 4. d4 Nf6 5. c4 Qd6 6. Nc3 Bg4 7. Be2 e6 8. h3 Bxf3 9. Bxf3 Be7 10. Be3 Nbd7 11. 0-0 0-0 12. Qd2 Rfe8 13. Rfd1 Qb4 14. b3 Qa3 15. Qc2 Rac8 16. Rac1 b5 17. Nb1 Qa6 18. cxb5 cxb5 19. Qe2 Qa5 20. Bc6 a6 21. Bg5 Red8 22. Bf3 h6 23. Bf4 Bf8 24. Bb7 Rxc1 25. Rxc1 Qb4 26. Bxa6 Qxd4 27. Be3 Qe5 28. Bxb5 Ne8 29. a4 Bd6 30. g3 Ndf6 31. Ba7 Qg5 32. Be3 Bf4 33. h4 Qg6 34. Bd3 Ne4 35. Qf3 Bxe3 36. Bxe4 f5 37. fxe3 fxe4 38. Qg2 0-1

[Event "SRB-chT2 West"]
[Site "Arandjelovac"]
[Date "2018.09.07"]
[Round "1.4"]
[White "Gavrilovic, Vladan"]
[Black "Bojovic, Zoran"]
[Result "1-0"]
[WhiteElo "2174"]
[BlackElo "2087"]
[PlyCount "74"]
[EventDate "2018.09.07"]
[EventType "team-tourn"]
[EventRounds "11"]
[EventCountry "SRB"]
[SourceTitle "EXT 2021"]
[Source "ChessBase"]
[SourceDate "2020.10.23"]
[SourceVersion "1"]
[SourceVersionDate "2020.10.23"]
[SourceQuality "1"]
[WhiteTeam "Ivanjica"]
[BlackTeam "Aleksandrovac Zupa"]
[WhiteTeamCountry "SRB"]
[BlackTeamCountry "SRB"]

1. d4 d5 2. c4 e6 3. Nf3 c6 4. Nc3 f5 5. Bf4 Nf6 6. e3 Be7 7. Be2 0-0 8. 0-0 Bd7 9. h3 Be8 10. c5 Bh5 11. Ng5 Bxe2 12. Qxe2 Qc8 13. a3 h6 14. Nf3 Nbd7 15. b4 g5 16. Bh2 Ne4 17. Nxe4 dxe4 18. Nd2 Bf6 19. Nc4 Be7 20. Be5 Qe8 21. f3 Qh5 22. Rae1 exf3 23. Rxf3 Nxe5 24. dxe5 Kh8 25. Rxf5 Qxe2 26. Rxf8+ Rxf8 27. Rxe2 Rd8 28. Rd2 Kg7 29. Rxd8 Bxd8 30. Kf2 b5 31. Nd6 a5 32. Kf3 axb4 33. axb4 h5 34. Nc8 g4+ 35. hxg4 Bh4 36. g3 hxg4+ 37. Kxg4 Bd8 1-0

[Event "SRB-chT3 West"]
[Site "Serbia"]
[Date "2010.09.19"]
[Round "2"]
[White "Rizvanovic, Ibrahim"]
[Black "Gavrilovic, Vladan"]
[Result "0-1"]
[WhiteElo "2177"]
[BlackElo "2129"]
[PlyCount "81"]
[EventDate "2010.09.12"]
[EventType "team"]
[EventRounds "11"]
[EventCountry "SRB"]
[SourceTitle "EXT 2012"]
[Source "ChessBase"]
[SourceDate "2011.11.24"]
[SourceVersion "1"]
[SourceVersionDate "2011.11.24"]
[SourceQuality "1"]

1. d4 Nf6 2. c4 e6 3. Bg5 d5 4. Nf3 Nbd7 5. Nc3 c6 6. e3 Qa5 7. cxd5 exd5 8. Qc2 Ne4 9. Bf4 Bb4 10. Rc1 Qxa2 11. Bd3 Nxc3 12. bxc3 Qxc2 13. Rxc2 Be7 14. 0-0 0-0 15. Ra1 Re8 16. Rca2 a6 17. e4 dxe4 18. Bxe4 Nf6 19. Bd3 Nd5 20. Bd2 Be6 21. Rb2 b5 22. Ne5 Rec8 23. Rba2 f6 24. Nf3 Nc7 25. Ra5 Bd6 26. Be4 Bd5 27. Bf5 Re8 28. Bd3 Re7 29. Ne1 Rae8 30. Nc2 Be4 31. Bxe4 Rxe4 32. Ne3 g6 33. g3 Kf7 34. Re1 c5 35. f3 R4e7 36. Kf2 Rd7 37. Rd1 Red8 38. Ke2 Bf8 39. Nc2 Re8+ 40. Kf2 Re6 41. Re1 0-1